Железобетонные конструкции. Специальный курс: учебное пособие

গ্রন্থ-পঞ্জীর বিবরন
অন্যান্য লেখক: Байков В. Н. Виталий Николаевич (редактор)
ভাষা:রুশ
প্রকাশিত: Москва, Стройиздат, 1981
সংস্করন:3-е изд., перераб.
বিষয়গুলি:
বিন্যাস: গ্রন্থ
KOHA link:https://koha.lib.tpu.ru/cgi-bin/koha/opac-detail.pl?biblionumber=83696

MARC

LEADER 00000nam0a2200000 4500
001 83696
005 20231101213318.0
020 |a RU  |b 81-30120 
035 |a (RuTPU)RU\TPU\book\89992 
090 |a 83696 
100 |a 20051020d1981 m y0rusy5003 ca 
101 0 |a rus 
102 |a RU 
105 |a a j 000zy 
200 1 |a Железобетонные конструкции. Специальный курс  |e учебное пособие   |f под ред. В. Н. Байкова 
205 |a 3-е изд., перераб. 
210 |a Москва  |c Стройиздат  |d 1981 
215 |a 767 с.  |c ил. 
606 1 |a Железобетонные конструкции  |2 stltpush  |3 (RuTPU)RU\TPU\subj\10630  |9 37672 
610 1 |a сооружения 
610 1 |a здания 
610 1 |a виды 
610 1 |a резервуары 
610 1 |a бункера 
610 1 |a силосы 
610 1 |a дымовые трубы 
610 1 |a экономика 
610 1 |a учебные пособия 
675 |a 624.012.45(075.8)  |v 3 
702 1 |a Байков  |b В. Н.  |g Виталий Николаевич  |4 340 
801 0 |a RU  |b RuMRKP  |c 19950704  |g psbo 
801 1 |a RU  |b 63413507  |c 20051020  |g PSBO 
801 2 |a RU  |b 63413507  |c 20160309  |g PSBO 
942 |c BK